| 000 | 00679nam a22002177a 4500 | ||
|---|---|---|---|
| 003 | OSt | ||
| 005 | 20161003174124.0 | ||
| 008 | 160208b xxu||||| |||| 00| 0 eng d | ||
| 020 | _a9780981757704 | ||
| 040 | _cDNLM | ||
| 082 | _aWB310 F926r 2009 | ||
| 100 |
_aedited by Marlink, Richard G.; Teitelman, Sara J. _96734 |
||
| 245 | _aFrom the ground up: building comprehensive HIV/AIDS care programs in resource-limited settings | ||
| 250 | _aVol.2 | ||
| 260 | _aWashington DC; Glaser Pediatric AIDS Foundation, 2009 | ||
| 300 | _axviii,971p; ill: 25cm | ||
| 504 | _aReferences included | ||
| 650 |
_aHIV/AIDS _95887 |
||
| 650 |
_aPaliative care _96735 |
||
| 942 |
_2z _cO_SHELF |
||
| 999 |
_c2993 _d2993 |
||